Statistics for Partial U.S. State Shapes - Easy

Click here to take the quiz!

General Stats

  • This quiz has been taken 11 times
  • The average score is 16 of 16

Answer Stats

Answer% Correct
Florida
100%
Hawaii
100%
Maine
100%
Maryland
100%
Michigan
100%
Mississippi
100%
New Jersey
100%
New Mexico
100%
North Carolina
100%
Oklahoma
100%
Utah
100%
Virginia
100%
Washington
100%
West Virginia
100%
Wisconsin
90%
Alabama
80%

Score Distribution

Percentile by Number Answered

Percent of People with Each Score

Your Score History

You have not taken this quiz